La causa de los adolescentes
Salvato in:
| Autore principale: | |
|---|---|
| Natura: | Libro |
| Lingua: | spagnolo |
| Pubblicazione: |
Buenos Aires
Seix Barral
1991
|
| Soggetti: | |
| Tags: |
Aggiungi Tag
Nessun Tag, puoi essere il primo ad aggiungerne!!
|
MARC
| LEADER | 00000nam a2200000 a 4500 | ||
|---|---|---|---|
| 001 | UCW6334 | ||
| 003 | CL-VaPUC | ||
| 008 | 911121e19910000AG |||||||||||||||||spa|d | ||
| 082 | 0 | 4 | |a 155.5 |b DOL |2 21 |
| 100 | 0 | |a Dolto, Francoise |e author |9 311396 | |
| 245 | 1 | 3 | |a La causa de los adolescentes |
| 300 | |a 285 p | ||
| 942 | |c BK | ||
| 945 | |d 19911121 00:00:00 | ||
| 260 | |a Buenos Aires |b Seix Barral |c 1991 | ||
| 650 | 0 | |a Psicología del adolescente |9 307864 | |
| 583 | |a last modification |c 19911121 00:00:00 |k Rodrigo Vera | ||
| 999 | |c 219434 |d 219432 | ||
| 952 | |0 0 |1 0 |4 0 |6 155_500000000000000_DOL_1991 |7 0 |8 A |9 210364 |a BIBEDU |b BIBEDU |d 2019-11-15 |i 2784556 |o 155.5 DOL 1991 |p 2784556 |r 2019-11-15 |w 2019-11-15 |y BK |k EDU | ||